000 01484nmc a2200481 a 4500
003 AR-BaBNM
005 20251128205921.0
008 108019s1996 ||||||||||||||000 | spa||
020 _a950-549-368-1
040 _cAR-BaBNM
100 1 _aUlla, Noemí
245 1 0 _aLa insurrección literaria
_bde lo coloquial en la narrativa rioplatense de 1960 y 1970 : Puig, Ocampo, Cortázar, Bioy Casares, Somers, Ricci, Rozenmacher, Viñas, Peri Rossi, Benedetti, Mujica Lainez
260 _aBuenos Aires
_bTorres Agüero Editor
_c1996
300 _a252 p.
_bil.
490 0 _aMemoria del tiempo
500 _aContiene referencias bibliográficas en p. 247
600 1 4 _aCortázar, Julio
600 1 4 _aOcampo, Silvina
600 1 4 _aPuig, Manuel
600 1 4 _aBenedetti, Mario
600 1 4 _aRozenmacher, Germán
600 1 4 _aMujica Láinez, Manuel
600 1 4 _aSomers, Armonia
600 1 4 _aPeri Rossi, Cristina
600 1 4 _aRamos, Celia
600 1 4 _aRicci, Julio
600 1 4 _aViñas, David
600 1 4 _aRama, Angel
600 1 4 _aArguedas, José María
600 1 4 _aCollazos, Oscar
600 1 4 _aFernández Retamar, Roberto
650 4 _aLITERATURA ARGENTINA
650 4 _aCRITICA LITERARIA
650 4 _aESCRITORES
650 4 _aLITERATURA CONTEMPORANEA
650 4 _aIDENTIDAD CULTURAL
650 4 _aENSAYO
650 4 _aCULTURAS LITERARIAS
653 _aLITERATURA URUGUAYA
655 _aLITERATURA
942 _cBK
998 _cMARTIN
999 _c13293
_d13293